The arsonists' city (Record no. 591205)

000 -LEADER
fixed length control field 01278cam a22003378i 4500
001 - CONTROL NUMBER
control field 21399340
003 - CONTROL NUMBER IDENTIFIER
control field NUST
005 - DATE AND TIME OF LATEST TRANSACTION
control field 20220825120329.0
008 - FIXED-LENGTH DATA ELEMENTS--GENERAL INFORMATION
fixed length control field 200124s2021 mau 000 1 eng
010 ## - LIBRARY OF CONGRESS CONTROL NUMBER
LC control number 2020003643
020 ## - INTERNATIONAL STANDARD BOOK NUMBER
International Standard Book Number 9780358126553
Qualifying information (hardcover)
020 ## - INTERNATIONAL STANDARD BOOK NUMBER
Canceled/invalid ISBN 9780358125099
Qualifying information (ebook)
040 ## - CATALOGING SOURCE
Original cataloging agency DLC
Language of cataloging eng
Description conventions rda
Transcribing agency DLC
042 ## - AUTHENTICATION CODE
Authentication code pcc
050 00 - LIBRARY OF CONGRESS CALL NUMBER
Classification number PS3601.L92
Item number A89 2021
082 00 - DEWEY DECIMAL CLASSIFICATION NUMBER
Classification number 813.6
Edition number 23
Author Mark ALY
100 1# - MAIN ENTRY--PERSONAL NAME
Personal name Alyan, Hala,
Dates associated with a name 1986-
Relator term author.
9 (RLIN) 97961
245 14 - TITLE STATEMENT
Title The arsonists' city
Statement of responsibility, etc. Hala Alyan.
260 ## - PUBLICATION, DISTRIBUTION, ETC.
Place of publication, distribution, etc. Boston :
Name of publisher, distributor, etc. Houghton Mifflin Harcourt,
Date of publication, distribution, etc. 2021
263 ## - PROJECTED PUBLICATION DATE
Projected publication date 2101
300 ## - PHYSICAL DESCRIPTION
Extent 443p
336 ## - CONTENT TYPE
Content type term text
Content type code txt
Source rdacontent
337 ## - MEDIA TYPE
Media type term unmediated
Media type code n
Source rdamedia
338 ## - CARRIER TYPE
Carrier type term volume
Carrier type code nc
Source rdacarrier
520 ## - SUMMARY, ETC.
Summary, etc. "A rich family story, a personal look at the legacy of war in the Middle East, and an indelible rendering of how we hold on to the people and places we call home"--
Assigning source Provided by publisher.
655 #0 - INDEX TERM--GENRE/FORM
Genre/form data or focus term Domestic fiction.
776 08 - ADDITIONAL PHYSICAL FORM ENTRY
Relationship information Online version:
Main entry heading Alyan, Hala, 1986-
Title The arsonists' city
Place, publisher, and date of publication Boston : Houghton Mifflin Harcourt, 2021.
International Standard Book Number 9780358125099
Record control number (DLC) 2020003644
906 ## - LOCAL DATA ELEMENT F, LDF (RLIN)
a 7
b cbc
c orignew
d 1
e ecip
f 20
g y-gencatlg
942 ## - ADDED ENTRY ELEMENTS (KOHA)
Source of classification or shelving scheme
Koha item type Lincoln Corner
Holdings
Withdrawn status Lost status Source of classification or shelving scheme Damaged status Not for loan Permanent Location Current Location Shelving location Date acquired Full call number Barcode Date last seen Price effective from Koha item type
          Central Library (CL) Central Library (CL) Lincoln Corner 08/18/2022 813.6 ALY LC-194 08/18/2022 08/18/2022 Reference
© 2023 Central Library, National University of Sciences and Technology. All Rights Reserved.